000 01771nam a22004457a 4500
003 CHAP
005 20220329143218.0
008 070307d2007 mx r 00110 spa d
010 _a93370
011 _a94342
035 _a104930
040 _cCHAP
090 _aTesis
100 1 _aGómez Camarillo, Claudia del Rocío.
_949635
245 1 0 _aEfecto residual de cobre en tejidos y excretas de pollo de engorda suplementados con sulfato de cobre y bioplex
_c/por Gómez Camarillo, Claudia del Rocío y Reyes Campos, Juan Carlos
260 _aChapingo, Méx. :
_bEl autor,
_c2007.
300 _a56 h. :
_bgráfs.; cuadros.
502 _aTesis (Ing. Agr. Esp. en Zootecnia) - - UACH. Departamento de Zootecnia
530 _aTambién disponible en línea
590 _aALEPH
_b10
_c20130110
_lUCH01
_h1517
590 _aBATCH-UPD
_b10
_c20130110
_lUCH01
_h0745
590 _aBATCH-UPD
_b10
_c20130410
_lUCH01
_h0426
590 _aBATCH-UPD
_b10
_c20130914
_lUCH01
_h0451
590 _aBATCH-UPD
_b10
_c20140324
_lUCH01
_h1501
590 _aBATCH-UPD
_b10
_c20141002
_lUCH01
_h0833
590 _aCONVERSION
_b10
_c20130109
_lUCH01
_h1352
650 1 4 _aAves de corral
_xAlimentación.
_98638
650 1 4 _aAves de corral
_xEngorda.
_98647
650 1 4 _aCarne de pollo
_xMercadeo.
_919166
650 1 4 _aCarne de pollo
_xProducción.
_919170
650 1 4 _aCobre en nutrición animal.
_924191
650 1 4 _aGallinaza en alimentación animal.
_944446
700 1 _aReyes Campos, Juan Carlos
_996761
856 _3Finding aid
_uhttp://10.13.5.2/tesis/104930.pdf
_zTeclea aqui
901 _aBK
905 _aElisama A. H.
942 _cFOLL
949 _aTesis
_bBC
_cTES
_d33724002019132
_eTS1
_h46421
_i104930
_sb
949 _aTesis
_bBC
_cTES
_d33724002019173
_eTS2
_fc.2
_h46422
_i104930
_sb
999 _c93370
_d93370